000 00781nam a2200217Ii 4500
003 JO-AjNU
008 230605s9999||||xx |||||||||||||| ||und||
017 _a2005/6/1465
040 _aJO-AjNU
_bara
_erda
_cJO-AjNU
041 _aara
050 1 4 _aE908.A56 2006
100 3 _aتاليف العنابي، زهر,
_eauthor
_950519
245 0 0 _a أوباما أو الأمين القادم: أدب ومحطات
250 _aط1
264 3 1 _aعمان: دار ابن بطوطة، 2006
300 _a299ص
336 _atext
_btxt
_2rdacontent
337 _aunmediated
_bn
_2rdamedia
338 _avolume
_bnc
_2rdacarrier
650 4 _aالولايات المتحدة الامريكية-سياسة وحكومة-باراك اوباما- الرئيس الامريكي 1961
_950520
999 _aA22259
_c25827
_d25827